|
|
|
|
| LEADER |
00770cam a2200217 7i4500 |
| 001 |
0000085451 |
| 005 |
20250311090000.0 |
| 020 |
|
|
|a 0803952678X (paperback)
|
| 090 |
0 |
0 |
|a BF178.5
|b .S59 1993
|
| 100 |
1 |
|
|a Silva, Fernando
|
| 245 |
1 |
0 |
|a Psychometric foundations and behavioral assessment
|c Fernando Silva.
|
| 264 |
|
|
|a Newbury Park, California:
|b Sage Publication,
|c 1993.
|
| 300 |
|
|
|a xiv, 161 pages;
|c 23 cm.
|
| 336 |
|
|
|a text
|2 rdacontent
|
| 337 |
|
|
|a unmediated
|2 rdamedia
|
| 338 |
|
|
|a volume
|2 rdacarrier
|
| 504 |
|
|
|a Includes bibliographical references and index
|
| 650 |
|
0 |
|a Psychometrics
|
| 650 |
|
0 |
|a Behavioral assessment
|
| 997 |
|
|
|a Education & Social Sciences, Faculty
|b Social Sciences, Department
|
| 999 |
|
|
|a 0000061759
|b BOK
|c OPEN SHELF
|e 1st Floor, Shah Alam
|